| 000 | 01848cam a22004454a 4500 | ||
|---|---|---|---|
| 001 | 15947319 | ||
| 003 | OSt | ||
| 005 | 20140311162957.0 | ||
| 008 | 091015s2010 pau bf 001 0 eng | ||
| 010 | _a 2009043345 | ||
| 020 | _a9789746520423 | ||
| 020 | _a0803622341 | ||
| 035 | _a(DNLM)101517396 | ||
| 040 |
_aDNLM/DLC _cDLC _dDLC |
||
| 042 | _apcc | ||
| 050 | 0 | 0 |
_aRT 48.6 _b.D64 2006 |
| 100 | 1 |
_aDoenges, Marilynn E., _d1922- |
|
| 245 | 1 | 0 |
_aNurse's pocket guide : _bdiagnoses, prioritized interventions, and rationales / _cMarilynn E. Doenges, Mary Frances Moorhouse, Alice C. Murr. |
| 250 | _a10th ed. | ||
| 260 |
_aPhiladelphia : _bF.A. Davis, _c2008 |
||
| 300 |
_a792 p. ; _c20 cm. |
||
| 504 | _aIncludes bibliographical references (p. 1070-1110) and index. | ||
| 505 | 0 | _aThe nursing process -- Application of the nursing process -- Putting theory into practice : sample assessment tools, plan of care, mind mapping and documentation -- Nursing diagnoses in alphabetical order -- Health conditions and client concerns with associated nursing diagnoses. | |
| 521 | _aNUR | ||
| 562 | _efor circulation. 1 copy available in the collection | ||
| 650 | 0 |
_aNursing diagnosis _vHandbooks, manuals, etc. |
|
| 650 | 0 |
_aNursing care plans _vHandbooks, manuals, etc. |
|
| 650 | 1 | 2 |
_aNursing Diagnosis _vHandbooks. |
| 650 | 2 | 2 |
_aNursing Care _xclassification _vHandbooks. |
| 650 | 2 | 2 |
_aPatient Care Planning _vHandbooks. |
| 700 | 1 |
_aMoorhouse, Mary Frances, _d1947- |
|
| 700 | 1 |
_aMurr, Alice C., _d1946- |
|
| 906 |
_a7 _bcbc _corignew _d1 _eecip _f20 _gy-gencatlg |
||
| 942 |
_2lcc _cBK _kFOR |
||
| 999 |
_c39087 _d39087 |
||